[Event "SR 2. liga A 2004/2005"]
[Site "?"]
[Date "2004.10.23"]
[Round "1.2"]
[White "Tepper, Frantisek"]
[Black "Chovanec, Vladimir"]
[Result "1/2-1/2"]
[WhiteElo "2222"]
[BlackElo "2077"]
[PlyCount "42"]
[EventDate "2004.??.??"]

1. e4 c5 2. Nf3 Nc6 3. Bb5 g6 4. O-O Bg7 5. Re1 e5 6. c3 Nge7 7. d4 cxd4 8.
cxd4 exd4 9. e5 Qb6 10. Qe2 O-O 11. Bg5 h6 12. Bc1 a6 13. Bc4 Qc7 14. Bf4 b5
15. Bb3 Qb6 16. h3 Bb7 17. Nbd2 Na5 18. Bc2 Nd5 19. Bg3 Rac8 20. Ne4 Nb4 21.
Bd3 Bxe4 1/2-1/2

[Event "SR 2. liga A 2004/2005"]
[Site "?"]
[Date "2004.10.23"]
[Round "1.3"]
[White "Bury, Rastislav"]
[Black "Kebis, Milos"]
[Result "0-1"]
[WhiteElo "2053"]
[BlackElo "2097"]
[PlyCount "54"]
[EventDate "2004.??.??"]

1. d4 Nf6 2. c4 g6 3. Nc3 Bg7 4. e4 d6 5. f4 O-O 6. Nf3 c5 7. d5 e6 8. Be2 exd5
9. cxd5 a6 10. a4 Qe7 11. Qc2 Re8 12. e5 Nh5 13. Be3 dxe5 14. d6 Qxd6 15. Rd1
Qf8 16. Nd5 Bf5 17. Qc4 Nd7 18. Nc7 exf4 19. Bc1 Re4 20. Qc2 Rd8 21. O-O Rd4
22. Qb3 Rxd1 23. Rxd1 Be4 24. Ng5 Bd4+ 25. Rxd4 cxd4 26. Nxe4 Nc5 27. Bxh5 Nxb3
0-1

[Event "SR 2. liga A 2004/2005"]
[Site "?"]
[Date "2004.10.23"]
[Round "1.3"]
[White "Eged, Igor"]
[Black "Lahucky, Pavol"]
[Result "1/2-1/2"]
[WhiteElo "2107"]
[BlackElo "2089"]
[PlyCount "61"]
[EventDate "2004.??.??"]

1. d4 f5 2. g3 g6 3. Bg2 Bg7 4. Nf3 Nf6 5. O-O O-O 6. b3 c6 7. Bb2 d6 8. Nbd2
e6 9. Ne1 Nbd7 10. Nd3 Re8 11. c4 e5 12. dxe5 Nxe5 13. Nxe5 dxe5 14. Qc2 Qc7
15. Rad1 Be6 16. Nf3 Bf7 17. Ng5 Rad8 18. Nxf7 Kxf7 19. Rxd8 Rxd8 20. Rd1 Rxd1+
21. Qxd1 Ne8 22. b4 e4 23. Bxg7 Nxg7 24. Qd4 b6 25. f3 exf3 26. Bxf3 Ne6 27.
Qh8 Nf8 28. Qd4 Ne6 29. Qh8 Nf8 30. Qd4 Ne6 31. Qh8 1/2-1/2

[Event "SR 2. liga A 2004/2005"]
[Site "?"]
[Date "2004.10.23"]
[Round "1.3"]
[White "Hartl, Jan"]
[Black "Seitler, Andrej"]
[Result "1-0"]
[WhiteElo "2158"]
[BlackElo "2191"]
[PlyCount "85"]
[EventDate "2004.??.??"]

1. e4 c6 2. d4 d5 3. exd5 cxd5 4. c4 Nf6 5. Nc3 g6 6. Nf3 Bg7 7. Be2 O-O 8. O-O
b6 9. Ne5 Bb7 10. Bf3 h6 11. Re1 e6 12. b3 Nc6 13. Ba3 Re8 14. Nb5 Bf8 15. Bxf8
Kxf8 16. Qc1 Kg7 17. Qa3 Re7 18. Rad1 Na5 19. Re3 a6 20. Nd6 Rc7 21. c5 Rd7 22.
Nxb7 Rxb7 23. b4 bxc5 24. dxc5 Rc8 25. bxa5 Rb5 26. c6 Rxa5 27. Qb2 Rb5 28. Rb3
Rxb3 29. axb3 Kg8 30. Ra1 a5 31. Ra4 Ne8 32. Qd2 Qd6 33. Qd4 f6 34. Nxg6 Rxc6
35. g3 Rc5 36. Qd2 Kh7 37. Nf4 f5 38. Rxa5 Rc7 39. Ra8 Nf6 40. Kg2 Rd7 41. Qd3
Re7 42. Ra6 Qd7 43. Rxe6 1-0

[Event "SR 2. liga A 2004/2005"]
[Site "?"]
[Date "2004.10.23"]
[Round "1.3"]
[White "Marko, Vladimir"]
[Black "Machalova, Veronika"]
[Result "0-1"]
[WhiteElo "2037"]
[BlackElo "2177"]
[PlyCount "67"]
[EventDate "2004.??.??"]

1. f4 d5 2. Nf3 Nf6 3. e3 e6 4. d4 c5 5. c3 Nc6 6. Bd3 Be7 7. O-O O-O 8. Nbd2
Ng4 9. Qe2 f5 10. b3 Qb6 11. Bb2 Bd7 12. Ne5 Ncxe5 13. fxe5 Nh6 14. Nf3 Rac8
15. c4 Bc6 16. Kh1 Qd8 17. cxd5 Bxd5 18. e4 fxe4 19. Bxe4 c4 20. Rac1 b5 21.
bxc4 Bxc4 22. Bd3 Qd5 23. Bxc4 Rxc4 24. Rxc4 bxc4 25. Rc1 Rc8 26. Nd2 c3 27.
Nb3 Bb4 28. Qd3 Qc4 29. Nc5 Qxd3 30. Nxd3 Rc4 31. Ba1 c2 32. Kg1 Bd2 33. Kf1
Bxc1 34. Nxc1 0-1

[Event "SR 2. liga A 2004/2005"]
[Site "?"]
[Date "2004.10.23"]
[Round "1.3"]
[White "Miklas, Marian"]
[Black "Kralovic, Andrej"]
[Result "1/2-1/2"]
[WhiteElo "2227"]
[BlackElo "2062"]
[PlyCount "43"]
[EventDate "2004.??.??"]

1. c4 c5 2. g3 Nf6 3. Bg2 d5 4. cxd5 Nxd5 5. Nc3 Nc7 6. Qb3 Nc6 7. Bxc6+ bxc6
8. Qa4 Bb7 9. Nf3 e6 10. O-O Be7 11. d3 O-O 12. Qa5 Nb5 13. Qxd8 Rfxd8 14. Na4
Nd4 15. Nxd4 cxd4 16. Bd2 Rd5 17. Rfc1 h5 18. Rc2 h4 19. Rac1 hxg3 20. hxg3
Rad8 21. Nc5 Bxc5 22. Rxc5 1/2-1/2

[Event "SR 2. liga A 2004/2005"]
[Site "?"]
[Date "2004.10.23"]
[Round "1.3"]
[White "Provaznik, Michal"]
[Black "Bebiak, Jozef"]
[Result "1/2-1/2"]
[WhiteElo "2192"]
[BlackElo "2122"]
[PlyCount "65"]
[EventDate "2004.??.??"]

1. Nf3 Nf6 2. d4 e6 3. e3 b6 4. Bd3 Bb7 5. Nbd2 c5 6. O-O Nc6 7. a3 d5 8. b3
Bd6 9. Bb2 O-O 10. Ne5 Nd7 11. f4 Bxe5 12. fxe5 f5 13. exf6 Nxf6 14. Rf3 Qe7
15. c4 Rad8 16. Rh3 h6 17. Nf3 Ng4 18. Qe2 Na5 19. Rg3 dxc4 20. bxc4 Bxf3 21.
gxf3 Nf6 22. Kh1 cxd4 23. Rag1 Nc6 24. Qg2 g5 25. Qh3 Kf7 26. Qxh6 Ke8 27. Rxg5
Rd7 28. Rg7 Qd6 29. Rxd7 Nxd7 30. Rg6 Nc5 31. Be4 d3 32. Bc3 Ne7 33. Rg1
1/2-1/2

[Event "SR 2. liga A 2004/2005"]
[Site "?"]
[Date "2004.10.23"]
[Round "1.4"]
[White "Antol, Ladislav"]
[Black "Tokos, Jozef"]
[Result "0-1"]
[WhiteElo "2079"]
[BlackElo "2016"]
[PlyCount "82"]
[EventDate "2004.??.??"]

1. e4 c5 2. Nf3 d6 3. d4 cxd4 4. Nxd4 Nf6 5. Nc3 a6 6. Be2 e6 7. O-O Qc7 8. Kh1
b5 9. Bf3 Bb7 10. a3 Nbd7 11. g3 Be7 12. Bg2 O-O 13. f4 Rfd8 14. Qe2 Rac8 15.
Re1 Nb6 16. Nb3 e5 17. h4 Na4 18. Bh3 Nd7 19. fxe5 dxe5 20. Rd1 Nxc3 21. bxc3
Qc6 22. Bf5 g6 23. Na5 Qc7 24. Bxd7 Rxd7 25. Rxd7 Qxd7 26. Nxb7 Qxb7 27. Bb2
Rc4 28. Re1 f5 29. Qd2 Rxe4 30. Rxe4 Qxe4+ 31. Kh2 f4 32. gxf4 Qxf4+ 33. Qxf4
exf4 34. Kh3 h5 35. Bc1 Kf7 36. a4 bxa4 37. Bxf4 a3 38. Bc1 a2 39. Bb2 Ke6 40.
c4 Bf6 41. c3 Kd6 0-1

[Event "SR 2. liga A 2004/2005"]
[Site "?"]
[Date "2004.10.23"]
[Round "1.4"]
[White "Gajarsky, Roman"]
[Black "Pacher, Milan"]
[Result "1/2-1/2"]
[WhiteElo "2025"]
[BlackElo "2063"]
[PlyCount "47"]
[EventDate "2004.??.??"]

1. e4 e6 2. d4 d5 3. e5 c5 4. c3 Qb6 5. Nf3 Bd7 6. Be2 Bb5 7. O-O Bxe2 8. Qxe2
cxd4 9. cxd4 Nc6 10. Be3 Nge7 11. Nc3 Nf5 12. Qb5 Be7 13. Qxb6 axb6 14. a3 Kd7
15. Ne2 Na5 16. Bd2 Nc4 17. Bc3 Rhc8 18. Rac1 b5 19. Ng3 g6 20. Nxf5 gxf5 21.
Ne1 Rc7 22. Nd3 Rac8 23. Bb4 Bxb4 24. axb4 1/2-1/2

[Event "SR 2. liga A 2004/2005"]
[Site "?"]
[Date "2004.10.23"]
[Round "1.4"]
[White "Hecko, Dusan"]
[Black "Heinrich, Jan"]
[Result "1/2-1/2"]
[WhiteElo "2137"]
[BlackElo "2109"]
[PlyCount "79"]
[EventDate "2004.??.??"]

1. e4 c5 2. Nf3 Nc6 3. Bb5 g6 4. O-O Bg7 5. Re1 Nf6 6. Bxc6 bxc6 7. Nc3 O-O 8.
d3 d6 9. h3 Rb8 10. Rb1 Nh5 11. Bd2 e5 12. Nh2 Nf4 13. Ne2 Qg5 14. Nxf4 exf4
15. Qf3 Be5 16. b3 h5 17. Kh1 Qf6 18. Rf1 Kg7 19. c3 g5 20. Qxh5 Rh8 21. Qf3
Bxc3 22. Bxc3 Qxc3 23. Qd1 Qf6 24. Ng4 Bxg4 25. Qxg4 Rh4 26. Qf5 Qxf5 27. exf5
f3 28. Rfe1 Kf6 29. Re3 fxg2+ 30. Kxg2 Rf4 31. Re4 Rxf5 32. h4 Rg8 33. hxg5+
Rfxg5+ 34. Kf3 Rf5+ 35. Ke3 Rg2 36. Rf1 Re5 37. Rh1 Rxe4+ 38. dxe4 Ke6 39. Rh8
Rg1 40. Re8+ 1/2-1/2

[Event "SR 2. liga A 2004/2005"]
[Site "?"]
[Date "2004.10.23"]
[Round "1.4"]
[White "Kantor, Tamas"]
[Black "Pribila, Michal"]
[Result "0-1"]
[WhiteElo "2106"]
[BlackElo "2058"]
[PlyCount "66"]
[EventDate "2004.??.??"]

1. e4 c5 2. d4 cxd4 3. c3 d5 4. exd5 Qxd5 5. cxd4 e6 6. Nf3 Nf6 7. Bd3 Nc6 8.
O-O Be7 9. Nc3 Qd8 10. Bf4 a6 11. Re1 O-O 12. a3 Nd5 13. Bd2 f5 14. Qb3 Bf6 15.
Bxf5 Nc7 16. Rad1 Kh8 17. Bb1 Nxd4 18. Nxd4 Bxd4 19. Be3 e5 20. Qb4 a5 21. Qc4
Bd7 22. Qb3 Bc6 23. Qc2 g6 24. Qe2 Qf6 25. Ne4 Bxe4 26. Bxe4 Qb6 27. Bxd4 exd4
28. Qc2 Rac8 29. Rd3 Ne6 30. Qb1 Nc5 31. Rxd4 Nb3 32. Rdd1 Qxf2+ 33. Kh1 Nd2 {
zbytok partie sa neda na zaklade zapisov oboch superov zrekonstruovat.} 0-1

[Event "SR 2. liga A 2004/2005"]
[Site "?"]
[Date "2004.10.23"]
[Round "1.4"]
[White "Sukuba, Zdeno"]
[Black "Bednar, Jan"]
[Result "0-1"]
[WhiteElo "2102"]
[BlackElo "2103"]
[PlyCount "80"]
[EventDate "2004.??.??"]

1. Nf3 d5 2. c4 e6 3. g3 Nf6 4. Bg2 Be7 5. O-O O-O 6. d4 c6 7. Nbd2 Nbd7 8. b3
a5 9. Bb2 a4 10. Qc2 a3 11. Bc3 b5 12. c5 Qc7 13. Rad1 Re8 14. b4 Bf8 15. Ne5
Nxe5 16. dxe5 Ng4 17. Nf3 f6 18. exf6 gxf6 19. e4 Bg7 20. Nd4 Bd7 21. Qe2 Ne5
22. Rfe1 Nc4 23. Qh5 e5 24. Nxb5 cxb5 25. exd5 Qc8 26. h3 Ra6 27. c6 Bf5 28. d6
Bg6 29. Qe2 Rd8 30. d7 Qc7 31. f4 e4 32. Bxe4 Bxe4 33. Qxe4 Rxc6 34. Qe8+ Bf8
35. Re7 Rxe8 36. dxe8=Q Qxe7 37. Qxc6 Qe3+ 38. Kf1 Qxc3 39. Qe6+ Kg7 40. Qd7+
Kh6 {time} 0-1

[Event "SR 2. liga A 2004/2005"]
[Site "?"]
[Date "2004.10.23"]
[Round "1.4"]
[White "Vychodil, Michal"]
[Black "Minich, Peter"]
[Result "0-1"]
[WhiteElo "2098"]
[BlackElo "2210"]
[PlyCount "62"]
[EventDate "2004.??.??"]

1. e4 c5 2. Nf3 e6 3. b3 b6 4. c4 Bb7 5. Nc3 Nf6 6. e5 Ne4 7. Nxe4 Bxe4 8. Be2
Nc6 9. O-O d6 10. Bb2 dxe5 11. Nxe5 Nxe5 12. Bxe5 Bd6 13. d4 O-O 14. f3 Bg6 15.
f4 cxd4 16. Bxd4 Qc7 17. Be3 Rad8 18. Qe1 f5 19. Qf2 e5 20. fxe5 Bxe5 21. g3
Bxa1 22. Rxa1 Qe5 23. Re1 Rfe8 24. Bf3 Bf7 25. Re2 Rd1+ 26. Kg2 Rd3 27. Bf4 Qd4
28. Rxe8+ Bxe8 29. Qe2 Bf7 30. Kh3 h6 31. Be5 Qe3 0-1

[Event "SR 2. liga A 2004/2005"]
[Site "?"]
[Date "2004.10.23"]
[Round "1.5"]
[White "Arendas, Marek"]
[Black "Szollos, Ondrej"]
[Result "0-1"]
[WhiteElo "2127"]
[BlackElo "2101"]
[PlyCount "78"]
[EventDate "2004.??.??"]

1. e4 d6 2. d4 c6 3. Nf3 Qc7 4. c4 e5 5. Nc3 Bg4 6. Be2 Nf6 7. h3 Bh5 8. Be3
Nbd7 9. a3 a6 10. dxe5 dxe5 11. b4 Be7 12. O-O Bxf3 13. Bxf3 Nf8 14. c5 Ne6 15.
Ne2 O-O 16. Qc2 Rfd8 17. Rfd1 a5 18. Rxd8+ Rxd8 19. Rd1 axb4 20. axb4 Qb8 21.
Rxd8+ Qxd8 22. Qc3 Qb8 23. Nc1 Bd8 24. Nd3 Bc7 25. Qc4 Qd8 26. g3 h6 27. Bg2
Kf8 28. b5 cxb5 29. Qxb5 Qd7 30. Qb3 Qc8 31. f4 Nd7 32. Qb4 Kg8 33. h4 Qa8 34.
Kh2 Qa6 35. Qb1 Nf6 36. Nb4 Qe2 37. Bg1 exf4 38. Qf1 fxg3+ 39. Kh1 Qg4 0-1

[Event "SR 2. liga A 2004/2005"]
[Site "?"]
[Date "2004.10.23"]
[Round "1.5"]
[White "Breja, Stanislav"]
[Black "Slamena, Michal"]
[Result "1-0"]
[WhiteElo "2131"]
[BlackElo "2089"]
[PlyCount "123"]
[EventDate "2004.??.??"]

1. e4 e5 2. Nf3 Nc6 3. Bb5 a6 4. Bxc6 dxc6 5. Nc3 Bd6 6. d4 Bg4 7. dxe5 Bxf3 8.
Qxf3 Bxe5 9. Bf4 Bxf4 10. Qxf4 Qd6 11. e5 Qc5 12. O-O-O Ne7 13. e6 O-O 14.
exf7+ Rxf7 15. Qxc7 Nd5 16. Rxd5 Qxf2 17. Rd8+ Rxd8 18. Qxd8+ Rf8 19. Qg5 b5
20. Rd1 b4 21. Rd7 Rf7 22. Rxf7 Kxf7 23. Nd1 Qb6 24. Qf5+ Kg8 25. Qe4 h6 26.
Qe3 Qb5 27. Qd3 Qb6 28. Ne3 a5 29. c4 a4 30. c5 Qb8 31. g3 Qe5 32. Qc4+ Kh8 33.
Nc2 Qg5+ 34. Qf4 Qxc5 35. Qb8+ Kh7 36. Qxb4 Qg1+ 37. Ne1 Qxh2 38. Qe4+ Kh8 39.
g4 Qg1 40. Kd2 Qf2+ 41. Kc3 Qc5+ 42. Kd2 Qf2+ 43. Qe2 Qd4+ 44. Kc2 Qc5+ 45. Kb1
a3 46. Qe8+ Kh7 47. Qe4+ Kh8 48. bxa3 Qxa3 49. Nc2 Qa6 50. a4 Qb6+ 51. Qb4 Qg1+
52. Kb2 c5 53. Qc4 Qf2 54. a5 Qf6+ 55. Ka2 Qc6 56. a6 Qc7 57. Qa4 Qf7+ 58. Kb2
Qf6+ 59. Kb3 Qe6+ 60. Ka3 Qd5 61. a7 Qf3+ 62. Qb3 1-0

[Event "SR 2. liga A 2004/2005"]
[Site "?"]
[Date "2004.10.23"]
[Round "1.5"]
[White "Kasanicky, Robert"]
[Black "Petenyi, Tamas"]
[Result "0-1"]
[WhiteElo "2005"]
[BlackElo "2037"]
[PlyCount "32"]
[EventDate "2004.??.??"]

1. e4 c5 2. Nc3 Nc6 3. g3 g6 4. Bg2 Bg7 5. d3 d6 6. Be3 Nf6 7. h3 O-O 8. Nf3
Bd7 9. O-O Rb8 10. Qd2 Qc8 11. Kh2 b5 12. Bh6 b4 13. Ne2 c4 14. Bxg7 Kxg7 15.
Qe3 Ne5 16. d4 $2 Nfg4+ 0-1

[Event "SR 2. liga A 2004/2005"]
[Site "?"]
[Date "2004.10.23"]
[Round "1.5"]
[White "Pokorna, Renata"]
[Black "Kruppa, Dominik"]
[Result "0-1"]
[WhiteElo "2072"]
[BlackElo "2032"]
[PlyCount "74"]
[EventDate "2004.??.??"]

1. e4 c5 2. Nc3 Nc6 3. g3 g6 4. Bg2 Bg7 5. d3 e6 6. Be3 d6 7. Qd2 Qa5 8. Nge2
Nd4 9. O-O Ne7 10. Bf4 Qb6 11. Nxd4 cxd4 12. Nd1 O-O 13. Bh6 Bxh6 14. Qxh6 Bd7
15. Qd2 Rac8 16. c3 Rc7 17. cxd4 Qxd4 18. Nc3 Rfc8 19. Rac1 Qb4 20. a3 Qb3 21.
Kh1 Bc6 22. d4 d5 23. e5 Bb5 24. Rfd1 Nc6 25. f4 Na5 26. Nxb5 Qxb5 27. Bf1 Qb6
28. Rxc7 Rxc7 29. b4 Nc4 30. Bxc4 Rxc4 31. g4 Qc6 32. f5 Rc2 33. Qh6 Qc3 34.
Rf1 Qxd4 35. Qf4 Qxf4 36. Rxf4 Re2 37. fxe6 fxe6 0-1

[Event "SR 2. liga A 2004/2005"]
[Site "?"]
[Date "2004.10.23"]
[Round "1.5"]
[White "Stefan, Oldrich"]
[Black "Mandak, Miroslav"]
[Result "1/2-1/2"]
[WhiteElo "2085"]
[BlackElo "2051"]
[PlyCount "57"]
[EventDate "2004.??.??"]

1. d4 Nf6 2. Nf3 g6 3. g3 Bg7 4. Bg2 O-O 5. O-O d6 6. c4 Nbd7 7. Nc3 c6 8. h3
Rb8 9. a4 b6 10. b3 a6 11. Ba3 Qc7 12. Qd3 Bb7 13. e4 c5 14. d5 Rbd8 15. Rad1
Nh5 16. Nh4 e5 17. dxe6 fxe6 18. Ne2 Ne5 19. Qe3 Nc6 20. g4 Nf6 21. f4 Qe7 22.
Nf3 e5 23. f5 Ne8 24. Ng3 Nd4 25. Nxd4 exd4 26. Qd3 Be5 27. Bc1 Ng7 28. Ne2 g5
29. Bd2 1/2-1/2

[Event "SR 2. liga A 2004/2005"]
[Site "?"]
[Date "2004.10.23"]
[Round "1.5"]
[White "Vrba, Michal"]
[Black "Sarmir, Milos"]
[Result "1-0"]
[WhiteElo "1879"]
[BlackElo "2153"]
[PlyCount "45"]
[EventDate "2004.??.??"]

1. e4 e5 2. Nf3 Nc6 3. Bc4 Bc5 4. O-O Nf6 5. d4 Bxd4 6. Nxd4 Nxd4 7. f4 Qe7 8.
fxe5 Qxe5 9. Bf4 Qc5 10. Bxf7+ Kxf7 11. Be3 Qe5 12. Bxd4 Qxe4 13. Nc3 Qh4 14.
Bxf6 gxf6 15. Nd5 Qg5 16. Nxf6 Ke7 17. Qd4 c6 18. Nd5+ cxd5 19. Qxh8 Kd6 20.
Rf8 Qe3+ 21. Kh1 Kc7 22. Rf3 Qe4 23. Rc3+ 1-0

[Event "SR 2. liga A 2004/2005"]
[Site "?"]
[Date "2004.10.23"]
[Round "1.6"]
[White "Farkas, Gabor"]
[Black "Samko, Karol"]
[Result "1/2-1/2"]
[WhiteElo "2072"]
[BlackElo "2046"]
[PlyCount "28"]
[EventDate "2004.??.??"]

1. e4 e5 2. Nf3 Nc6 3. d4 exd4 4. Nxd4 g6 5. Be3 Bg7 6. Nc3 Nf6 7. f3 O-O 8.
Qd2 d5 9. O-O-O dxe4 10. Nxc6 Qxd2+ 11. Bxd2 bxc6 12. fxe4 Ng4 13. Re1 Be6 14.
Be2 Rfd8 1/2-1/2

[Event "SR 2. liga A 2004/2005"]
[Site "?"]
[Date "2004.10.23"]
[Round "1.6"]
[White "Nagy, Edmund"]
[Black "Szitkey, Milan"]
[Result "0-1"]
[WhiteElo "1984"]
[BlackElo "2217"]
[PlyCount "82"]
[EventDate "2004.??.??"]

1. d4 Nf6 2. c4 g6 3. Nc3 d5 4. e3 Bg7 5. Bd3 O-O 6. Nf3 c5 7. O-O cxd4 8. exd4
Nc6 9. h3 Be6 10. cxd5 Nxd5 11. Be3 Nxe3 12. fxe3 Qb6 13. Qe2 Nb4 14. Be4 Rac8
15. a3 Bc4 16. Qf2 Nd3 17. Bxd3 Bxd3 18. Rfd1 Bc4 19. b4 Rfd8 20. Na4 Qb5 21.
Nc5 b6 22. Ne4 Bd5 23. Ng3 Rc3 24. Rdc1 Rdc8 25. Qd2 Qc4 26. Ne2 Rc2 27. Rxc2
Qxc2 28. Rc1 Qf5 29. Rxc8+ Qxc8 30. Qc3 Qf5 31. Nf4 Bxf3 32. gxf3 g5 33. Qd3
Qd7 34. Ng2 Qxh3 35. Qe4 Bf6 36. Kf2 h5 37. Qa8+ Kg7 38. Qxa7 h4 39. Qc7 e5 40.
dxe5 Qg3+ 41. Kf1 Bxe5 0-1

[Event "SR 2. liga A 2004/2005"]
[Site "?"]
[Date "2004.10.23"]
[Round "1.6"]
[White "Pericka, Tomas"]
[Black "Novak, Stanislav"]
[Result "1-0"]
[WhiteElo "2072"]
[BlackElo "2032"]
[PlyCount "73"]
[EventDate "2004.??.??"]

1. e4 d6 2. d4 Nf6 3. Nc3 g6 4. f3 Bg7 5. Be3 O-O 6. Qd2 a6 7. g4 b5 8. h4 h5
9. gxh5 Nxh5 10. Nge2 Nd7 11. Bh6 c5 12. Bxg7 Kxg7 13. Bh3 Ndf6 14. O-O-O Bxh3
15. Rxh3 b4 16. Nd5 Nxd5 17. exd5 Qa5 18. Kb1 c4 19. Nf4 Nxf4 20. Qxf4 Qxd5 21.
Rg1 Rh8 22. Rg5 Qe6 23. Rh1 Rh6 24. d5 Qf6 25. Qg4 Rah8 26. h5 e6 27. Rg1 exd5
28. hxg6 Rxg6 29. Rxg6+ fxg6 30. Qd7+ Kf8 31. Re1 Qf7 32. Qxd6+ Kg8 33. Qxb4
Rh5 34. a3 Qxf3 35. Re7 Rf5 36. Qd6 Qh5 37. Qe6+ 1-0

[Event "SR 2. liga A 2004/2005"]
[Site "?"]
[Date "2004.10.23"]
[Round "1.6"]
[White "Peska, Juraj"]
[Black "Hanes, Mojmir"]
[Result "1/2-1/2"]
[WhiteElo "1848"]
[BlackElo "2066"]
[PlyCount "28"]
[EventDate "2004.??.??"]

1. c4 c6 2. Nc3 d5 3. cxd5 cxd5 4. d4 Nf6 5. Nf3 Nc6 6. Bf4 Bf5 7. e3 e6 8. Bd3
Bxd3 9. Qxd3 Be7 10. O-O O-O 11. h3 a6 12. a3 Rc8 13. b4 b5 14. Rfc1 h6 1/2-1/2

[Event "SR 2. liga A 2004/2005"]
[Site "?"]
[Date "2004.10.23"]
[Round "1.6"]
[White "Povysil, Peter"]
[Black "Labar, Eduard"]
[Result "1/2-1/2"]
[WhiteElo "2078"]
[BlackElo "2068"]
[PlyCount "62"]
[EventDate "2004.??.??"]

1. d4 d5 2. c4 e6 3. Nc3 c6 4. e3 Nf6 5. Nf3 Bd6 6. Bd3 Nbd7 7. O-O O-O 8. e4
dxe4 9. Nxe4 Nxe4 10. Bxe4 h6 11. Re1 Qa5 12. c5 Be7 13. Bd2 Qc7 14. b4 Bf6 15.
Bc3 Rd8 16. Qe2 a6 17. Rac1 Nf8 18. Ne5 Bd7 19. f4 Be8 20. Qf2 Qe7 21. Ng4 Nd7
22. f5 Bg5 23. Rc2 Nf6 24. Nxf6+ Bxf6 25. fxe6 fxe6 26. Bf5 Bf7 27. Rce2 Qd7
28. Bxe6 Bxe6 29. Rxe6 Qf7 30. Qe3 Rf8 31. Qg3 Rad8 1/2-1/2

[Event "SR 2. liga A 2004/2005"]
[Site "?"]
[Date "2004.10.23"]
[Round "1.6"]
[White "Rohackova, Veronika"]
[Black "Lutter, Ladislav"]
[Result "1-0"]
[WhiteElo "2055"]
[BlackElo "2036"]
[PlyCount "139"]
[EventDate "2004.??.??"]

1. e4 d6 2. d4 Nf6 3. Nc3 g6 4. f4 Bg7 5. Nf3 O-O 6. Bd3 Nc6 7. O-O Bg4 8. Be3
Qc8 9. e5 dxe5 10. fxe5 Nd7 11. h3 Bxf3 12. Qxf3 Nb6 13. Be4 Qd7 14. Rad1 Rad8
15. b3 f5 16. Bxc6 bxc6 17. Bf4 e6 18. Bg5 Rb8 19. Ne2 h6 20. Bc1 g5 21. c4
Rbd8 22. Nc3 Rf7 23. Rfe1 Bf8 24. d5 Re8 25. dxc6 Qe7 26. Nb5 Rg7 27. Qh5 Qc5+
28. Be3 Qxc6 29. Nxa7 Qa8 30. Nb5 Kh7 31. Nxc7 Rxc7 32. Bxb6 Rg7 33. Re2 Qc6
34. Be3 Rg6 35. Red2 Qe4 36. Bxg5 Bc5+ 37. Kh1 Reg8 38. h4 Qxe5 39. Re2 Qc7 40.
Rf1 Qg7 41. Rd1 Rf8 42. Bf4 Qb7 43. Qf3 Qe7 44. g3 Rf7 45. Qd3 Rg4 46. Be5 Qb7+
47. Kh2 Bf8 48. a4 Qc6 49. a5 Bg7 50. Bf4 Bf6 51. Kh3 Bxh4 52. Qe3 Bg5 53. Qxe6
Qxe6 54. Rxe6 Bxf4 55. gxf4 Rxf4 56. Kg3 Rg4+ 57. Kf3 Rh4 58. Rdd6 Rh3+ 59. Kf4
Rxb3 60. Rxh6+ Kg7 61. Rhg6+ Kh7 62. Rgf6 Kg7 63. Rxf7+ Kxf7 64. Kxf5 Rc3 65.
Rd7+ Ke8 66. Rg7 Rxc4 67. a6 Rc5+ 68. Ke4 Rc4+ 69. Kd3 Ra4 70. a7 1-0

[Event "SR 2. liga A 2004/2005"]
[Site "?"]
[Date "2004.10.23"]
[Round "1.7"]
[White "Bilovsky, Milan"]
[Black "Varga, David"]
[Result "1/2-1/2"]
[WhiteElo "1875"]
[BlackElo "2044"]
[PlyCount "63"]
[EventDate "2004.??.??"]

1. c4 c5 2. Nc3 Nc6 3. g3 g6 4. Bg2 Bg7 5. e3 e6 6. Nge2 Nge7 7. d4 cxd4 8.
exd4 d5 9. cxd5 Nxd5 10. O-O O-O 11. Nxd5 exd5 12. Be3 Bg4 13. Re1 Re8 14. Qd2
Bxe2 15. Rxe2 Qb6 16. Bxd5 Nxd4 17. Bxd4 Rxe2 18. Qxe2 Qxd4 19. Qf3 Qf6 20. Rd1
Rd8 21. Qb3 Rd7 22. Re1 Re7 23. Re3 Rxe3 24. Qxe3 Qe5 25. Qf3 Qf6 26. Qg4 Bf8
27. Qd7 Kg7 28. Bxb7 Bc5 29. Qd2 a5 30. a3 Bd4 31. b4 Bc3 32. Qa2 1/2-1/2

[Event "SR 2. liga A 2004/2005"]
[Site "?"]
[Date "2004.10.23"]
[Round "1.7"]
[White "Doucha, Ludvik"]
[Black "Fratric, Igor"]
[Result "1-0"]
[WhiteElo "2134"]
[BlackElo "1930"]
[PlyCount "51"]
[EventDate "2004.??.??"]

1. e4 c6 2. d4 d5 3. Nd2 dxe4 4. Nxe4 Nd7 5. Bc4 Ngf6 6. Ng5 e6 7. Qe2 Nb6 8.
Bb3 Qc7 9. N1f3 Bd6 10. Ne5 Bxe5 11. dxe5 Nfd5 12. f4 Bd7 13. a4 Ne7 14. a5
Nbc8 15. Qh5 Ng6 16. O-O Nce7 17. Nxf7 Kxf7 18. f5 Kg8 19. fxg6 Nxg6 20. Qf5
Rf8 21. Bxe6+ Bxe6 22. Qxe6+ Rf7 23. Qe8+ Rf8 24. Rxf8+ Nxf8 25. e6 Qe5 26.
Qf7# 1-0

[Event "SR 2. liga A 2004/2005"]
[Site "?"]
[Date "2004.10.23"]
[Round "1.7"]
[White "Duris, Ivan"]
[Black "Faltan, Peter"]
[Result "1-0"]
[WhiteElo "2036"]
[BlackElo "2109"]
[PlyCount "101"]
[EventDate "2004.??.??"]

1. e4 e5 2. Bc4 Nc6 3. Nc3 Nf6 4. d3 Be7 5. f4 d6 6. Nf3 Bg4 7. h3 Bxf3 8. Qxf3
Nd4 9. Qf2 a6 10. a3 O-O 11. O-O Nh5 12. fxe5 dxe5 13. g3 Ne6 14. Nd5 Bc5 15.
Be3 Bxe3 16. Nxe3 g6 17. Ng4 Ng5 18. Kg2 Qd4 19. c3 Qd7 20. Qe3 Qe7 21. h4 Ne6
22. Nxe5 Kg7 23. Ng4 f6 24. Rf2 Rad8 25. d4 c6 26. Raf1 Nc7 27. Qh6+ Kh8 28.
Ne5 Qg7 29. Qxg7+ Kxg7 30. Nxc6 bxc6 31. g4 c5 32. dxc5 Rfe8 33. Re2 Re5 34. b4
Rde8 35. gxh5 Rxe4 36. Rfe1 Rxe2+ 37. Rxe2 Rxe2+ 38. Bxe2 gxh5 39. Bxh5 Nd5 40.
c6 Kf8 41. c4 Ne3+ 42. Kg3 Ke7 43. c5 Nf5+ 44. Kf4 Nd4 45. Bf3 a5 46. Be4 h6
47. bxa5 Ne6+ 48. Kf5 Nxc5 49. h5 Kd6 50. Bf3 Nb3 51. a6 1-0

[Event "SR 2. liga A 2004/2005"]
[Site "?"]
[Date "2004.10.23"]
[Round "1.7"]
[White "Farkas, Vladimir"]
[Black "Diviak, Rastislav"]
[Result "1/2-1/2"]
[WhiteElo "2073"]
[BlackElo "1899"]
[PlyCount "81"]
[EventDate "2004.??.??"]

1. Nf3 Nf6 2. d3 g6 3. g3 Bg7 4. Bg2 d5 5. O-O O-O 6. c3 c5 7. Qc2 Nc6 8. e4 e5
9. h3 h6 10. Be3 d4 11. cxd4 cxd4 12. Bd2 Be6 13. Qa4 Qd7 14. Kh2 Rfc8 15. Na3
a6 16. Rfc1 b5 17. Qd1 Qd6 18. Qe1 Nd7 19. Bf1 Nb6 20. Nc2 Bf8 21. Kg2 b4 22.
a3 a5 23. axb4 axb4 24. Rxa8 Rxa8 25. Ra1 Rxa1 26. Qxa1 Qc5 27. Nfe1 Bb3 28.
Qc1 Qb5 29. Bxh6 Qa4 30. Bxf8 Kxf8 31. Nxd4 Nxd4 32. Qc5+ Kg8 33. Qxb6 Kg7 34.
Qd6 f6 35. f4 Qa1 36. Qe7+ Kg8 37. Qxf6 Qxe1 38. Qxg6+ Kf8 39. Qf6+ Kg8 40.
Qg6+ Kf8 41. Qf6+ 1/2-1/2

[Event "SR 2. liga A 2004/2005"]
[Site "?"]
[Date "2004.10.23"]
[Round "1.7"]
[White "Isa, Vlastimil"]
[Black "Hertel, Ondrej"]
[Result "1/2-1/2"]
[WhiteElo "1986"]
[BlackElo "1911"]
[PlyCount "31"]
[EventDate "2004.??.??"]

1. e4 c6 2. d4 d5 3. Nc3 dxe4 4. Nxe4 Nd7 5. Nf3 Ngf6 6. Ng3 e6 7. Bd3 Be7 8.
O-O b6 9. c4 Qc7 10. Re1 Bb7 11. b3 h6 12. Bb2 Bb4 13. Re2 O-O-O 14. Ne5 Nxe5
15. dxe5 Nd7 16. Qc2 1/2-1/2

[Event "SR 2. liga A 2004/2005"]
[Site "?"]
[Date "2004.10.23"]
[Round "1.7"]
[White "Kersten, Juraj"]
[Black "Machalova, Erika"]
[Result "0-1"]
[WhiteElo "1923"]
[BlackElo "2020"]
[PlyCount "72"]
[EventDate "2004.??.??"]

1. e4 c5 2. b4 cxb4 3. d4 Nf6 4. Bd3 Nc6 5. Ne2 g6 6. O-O Bg7 7. f4 Qb6 8. Kh1
Ng4 9. c3 bxc3 10. Nbxc3 Nxd4 11. Nd5 Qd8 12. Nxd4 Bxd4 13. Ba3 Ne3 14. Qa4
Nxd5 15. Qxd4 Nf6 16. e5 Nh5 17. e6 Nf6 18. exf7+ Kxf7 19. f5 d5 20. fxg6+ hxg6
21. Rae1 Be6 22. Qe5 Qd7 23. Bb2 Bf5 24. Bxf5 gxf5 25. Rxf5 Rh6 26. Ref1 Qc6
27. Ba3 Re8 28. Rc1 Qe6 29. Qf4 Reh8 30. Bxe7 Rxh2+ 31. Kg1 Qb6+ 32. Bc5 Rh1+
33. Kf2 Qb2+ 34. Kf3 R8h3+ 35. gxh3 Rxh3+ 36. Qg3 Rxg3+ 0-1